Central Library OPAC University of Rajshahi

The responsible society : (Record no. 3874)

MARC details
000 -LEADER
fixed length control field 00690cam a22002411 4500
001 - CONTROL NUMBER
control field 3874
003 - CONTROL NUMBER IDENTIFIER
rucl marc code BD-RjUL
005 - DATE AND TIME OF LATEST TRANSACTION
control field 20211208233808.0
008 - FIXED-LENGTH DATA ELEMENTS--GENERAL INFORMATION
fixed length control field 131221s1966 enk b 001 0 eng d
035 ## - SYSTEM CONTROL NUMBER
System control number (BD-RjUL)3908
040 ## - CATALOGING SOURCE
Original cataloging agency DLC
Transcribing agency DLC
Modifying agency DLC
-- (BD-RjUL)
Language of cataloging eng
041 ## - LANGUAGE CODE
Language code of text/sound track or separate title eng
082 00 - DEWEY DECIMAL CLASSIFICATION NUMBER
Classification number 335.15
Author mark and year GLR
100 1# - MAIN ENTRY--PERSONAL NAME
Personal name Glass, S. T.
9 (RLIN) 12368
245 14 - TITLE STATEMENT
Title The responsible society :
Remainder of title the ideas of the English guild socialist /
Statement of responsibility, etc. [by] S. T. Glass.
260 ## - PUBLICATION, DISTRIBUTION, ETC. (IMPRINT)
Place of publication, distribution, etc. London :
Name of publisher, distributor, etc. Longmans,
Date of publication, distribution, etc. 1966.
300 ## - PHYSICAL DESCRIPTION
Pagination [7], 79 p. ;
Size 22 cm.
490 0# - SERIES STATEMENT
Series statement Monographs in politics
504 ## - BIBLIOGRAPHY, ETC. NOTE
Bibliography, etc Bibliography: p. [71]-75.
650 #0 - SUBJECT ADDED ENTRY--TOPICAL TERM
Topical term or geographic name as entry element Guild socialism.
9 (RLIN) 11826
942 ## - ADDED ENTRY ELEMENTS (KOHA)
Source of classification or shelving scheme Dewey Decimal Classification
Koha item type Books
Holdings
Lost status Source of classification or shelving scheme Damaged status Not for loan Collection code Permanent Location Current Location Shelving location Date acquired Source of acquisition Cost, normal purchase price Total Checkouts Full call number Date last seen Copy number Koha item type
  Dewey Decimal Classification   Not For Loan Non-fiction Central Library, University of Rajshahi Central Library, University of Rajshahi Reading Room 11/11/1968 zeithing 151.00   335.15 GLR 1966 21/12/2013 C-1 Books
  Dewey Decimal Classification     Non-fiction Central Library, University of Rajshahi Central Library, University of Rajshahi   11/11/1968 Zeitlinger 15.00   335.15 GLR 1966 21/12/2013 C-3 Books
  Dewey Decimal Classification     Non-fiction Central Library, University of Rajshahi Central Library, University of Rajshahi   11/11/1968 Zeetlinger 15.00   335.15 GLR 1966 26/06/2016 C-4 Books